Tientos partidos [Música impresa] / Juan de San Agustín, Vicente Hervás ; transcripción y realización José Ma Llorens
Descripción Física:
34 p. : amb pauta musical ; 32 cm
Materias:
Tientos (Orgue)
MARC
| LEADER | 00000nam a2200000Ia 4500 | ||
|---|---|---|---|
| 001 | 10096 | ||
| 003 | BGR | ||
| 005 | 20260324175623.0 | ||
| 008 | 160829s1976 xx 000 0 cat d | ||
| 080 | |a FU-25-11 | ||
| 100 | 1 | |a San Agustín, Juan de |9 71244 | |
| 245 | |a Tientos partidos [Música impresa] / Juan de San Agustín, Vicente Hervás ; transcripción y realización José Ma Llorens | ||
| 260 | |a Barcelona : |b Diputación Provincial de Barcelona. Biblioteca de Cataluña, |c 1976 | ||
| 300 | |a 34 p. : |b amb pauta musical ; |c 32 cm | ||
| 490 | |a Colección Higini Anglès. Cuadernos de música antigua española ; 5 | ||
| 590 | |a Transcripció del ms. M 1011 de la Biblioteca de Catalunya | ||
| 650 | |a Tientos (Orgue) |9 33962 | ||
| 700 | |a Hervás, Vicente |9 35498 |e autor | ||
| 700 | 1 | |a Llorens, José Ma. |q (José María), |d 1923-2019 |e editor |9 26920 | |
| 710 | 1 | |a Biblioteca de Catalunya |9 52741 |b Secció de Música | |
| 901 | |a Arxiu | ||
| 942 | |n 1 |2 udc |c MON | ||
| 952 | |0 0 |1 0 |4 0 |6 FU2511 |7 1 |9 46930 |a Arxiu |b Arxiu |d 2016-12-01 |l 0 |o FU-25-11 |p 10096 |r 2016-12-01 00:00:00 |w 2016-12-01 |y ARXIU | ||
| 999 | |c 50723 |d 50723 | ||